Χρηματοοικονομική μελέτη μιας τράπεζας : διπλωματική εργασία : Τέσσερις περιπτώσεις: Εθνική Τράπεζα Ελλάδος Α.Ε., Αγροτική Τράπεζα της Ελλάδος Α.Ε., EFG Eurobank Ergasias, Alpha Bank

Αποθηκεύτηκε σε:
Λεπτομέρειες βιβλιογραφικής εγγραφής
Κύριος συγγραφέας: Ρούσσου, Ελένη
Συγγραφή απο Οργανισμό/Αρχή: Πανεπιστήμιο Αιγαίου Σχολή Επιστημών της Διοίκησης Τμήμα Διοίκησης Επιχειρήσεων - Τ.Δ.Ε
Άλλοι συγγραφείς: Αγγελής, Βασίλης (Εισηγητής διατριβής)
Μορφή: Thesis Βιβλίο
Γλώσσα:Greek
Δημοσίευση: 2002
Θέματα:
Ετικέτες: Προσθήκη ετικέτας
Δεν υπάρχουν, Καταχωρήστε ετικέτα πρώτοι!

MARC

LEADER 00000cam a2200000 i 4500
001 1/27344
008 020912s2002 gre d
035 |l 10068419 
040 |a GR-MY-UA  |b gre  |e aacr 
041 0 |a gre 
082 0 |a 332.109495  |2 (22) 
100 1 |a Ρούσσου, Ελένη. 
245 1 0 |a Χρηματοοικονομική μελέτη μιας τράπεζας :  |b διπλωματική εργασία : Τέσσερις περιπτώσεις: Εθνική Τράπεζα Ελλάδος Α.Ε., Αγροτική Τράπεζα της Ελλάδος Α.Ε., EFG Eurobank Ergasias, Alpha Bank /  |c εισηγήτρια: Ρούσσου Ελένη ; επιβλέπων καθηγητής: Β. Αγγελής 
260 |c 2002 
300 |a 188 σ.;  |b πίνακες;  |c 30 εκ. 
502 # # |a Πτυχιακή εργασία – Πανεπιστήμιο Αιγαίου, Χίος, 2002. 
504 |a Περιλαμβάνει βιβλιογραφία 
610 2 0 |a Πανεπιστήμιο Αιγαίου. 
650 0 0 |a Banks and banking  |z Greece. 
650 0 0 |a Financial statements  |z Greece. 
650 0 0 |a Dissertations, Academic  |z Greece. 
700 1 |a Αγγελής, Βασίλης.  |4 ths 
710 1 |a Πανεπιστήμιο Αιγαίου  |b Σχολή Επιστημών της Διοίκησης  |b Τμήμα Διοίκησης Επιχειρήσεων - Τ.Δ.Ε. 
852 |a INST  |b CHIOS  |c DIATR  |e 20020912  |h 322.109495 ΡΟΥ  |p 005200013925  |q 005200013925  |t DIE  |y 23 
901 |a BIBL2-2002-3 
909 |a Χ  |b 100091 
924 |a ΡΟΥΣΣΟΥ  |b ΕΛΕΝΗ  |y ΧΙΟΣ  |z 2002-09 
970 |a ΣΑΛΑΜΟΥΡΑ  |b ΜΑΡΙΑ  |z 2002/09/12